000 00508nam a2200193Ia 4500
003 GCL
008 140319s9999 xx 000 0 ara d
040 _aGCL /
_cGCL
082 0 4 _a492.4
_bق ق
100 1 _aقوجمان، ى
245 1 0 _aقاموس عبرى عربى /
_cقوجمان، ى
260 _a[S.N] :
_bدار الجيل
300 _a1035 ص
490 _a
650 0 4 _aالمعاجم
650 0 4 _aاللغات السامية
650 0 4 _aاللغة العبرية
942 _2ddc
_cBK
999 _c37452
_d37452